[Event "Natal Potiguar op 11th"]
[Site "Natal"]
[Date "2019.06.09"]
[Round "6"]
[White "Gomes, Genildo de Souza"]
[Black "Braga, Jose Pereira"]
[Result "1/2-1/2"]
[WhiteElo "1559"]
[BlackElo "1881"]
[PlyCount "37"]
[EventDate "2019.06.07"]
[EventType "swiss"]
[EventRounds "6"]
[EventCountry "BRA"]
[SourceTitle "EXT 2020"]
[Source "ChessBase"]
[SourceDate "2019.10.17"]
[SourceVersion "1"]
[SourceVersionDate "2019.10.17"]
[SourceQuality "1"]

1. d4 d5 2. Nf3 Bf5 3. e3 e6 4. Bd3 Bg4 5. Nbd2 Nf6 6. c3 c5 7. Qc2 c4 8. Be2 Nbd7 9. b3 cxb3 10. axb3 Qc7 11. Ba3 Bxa3 12. Rxa3 0-0 13. 0-0 Rfc8 14. b4 Qb6 15. Bd3 Bxf3 16. Nxf3 h6 17. Rfa1 Rc7 18. Nd2 a6 19. Nb3 1/2-1/2

[Event "Joao Pessoa Fischer Memorial 10th"]
[Site "Joao Pessoa"]
[Date "2019.03.31"]
[Round "5"]
[White "Braga, Jose Pereira"]
[Black "Penha, Evelyn Maximiano"]
[Result "1-0"]
[WhiteElo "1882"]
[BlackElo "1633"]
[PlyCount "53"]
[EventDate "2019.03.29"]
[EventType "swiss"]
[EventRounds "6"]
[EventCountry "BRA"]
[SourceTitle "CBM 190 Extra"]
[Source "ChessBase"]
[SourceDate "2019.07.15"]
[SourceVersion "1"]
[SourceVersionDate "2019.07.15"]
[SourceQuality "1"]

1. e4 c5 2. Nf3 e6 3. d4 cxd4 4. Nxd4 a6 5. Be3 Nf6 6. f3 Qc7 7. Qd2 Be7 8. Nc3 0-0 9. 0-0-0 d6 10. g4 Nbd7 11. g5 Nh5 12. Be2 g6 13. f4 Ng7 14. h4 Nb6 15. h5 Nc4 16. Bxc4 Qxc4 17. hxg6 fxg6 18. Nde2 Nh5 19. Rdg1 Rf7 20. Ng3 Nxg3 21. Rxg3 Qc7 22. Rgh3 b5 23. Qh2 Bf8 24. f5 Rg7 25. fxg6 hxg6 26. Rh8+ Kf7 27. Qf4+ 1-0

[Event "Joao Pessoa Fischer Memorial 10th"]
[Site "Joao Pessoa"]
[Date "2019.03.31"]
[Round "6"]
[White "Lemos, Doriedson"]
[Black "Braga, Jose Pereira"]
[Result "1-0"]
[WhiteElo "2162"]
[BlackElo "1882"]
[PlyCount "89"]
[EventDate "2019.03.29"]
[EventType "swiss"]
[EventRounds "6"]
[EventCountry "BRA"]
[SourceTitle "CBM 190 Extra"]
[Source "ChessBase"]
[SourceDate "2019.07.15"]
[SourceVersion "1"]
[SourceVersionDate "2019.07.15"]
[SourceQuality "1"]

1. d4 d5 2. c4 e6 3. Nf3 Nf6 4. Bg5 Be7 5. Nc3 0-0 6. e3 h6 7. Bh4 c5 8. dxc5 Nc6 9. Be2 dxc4 10. Qa4 Bxc5 11. 0-0 Be7 12. Qxc4 Qa5 13. Rfd1 Rd8 14. a3 Qb6 15. Na4 Qa5 16. Qc2 Qh5 17. Bg3 Qf5 18. Bd3 Qh5 19. b4 Bd7 20. Be2 Qf5 21. Qb3 Be8 22. Nc3 a6 23. Nh4 Qh7 24. Nf3 Ne4 25. Nxe4 Qxe4 26. Nd2 Qf5 27. Nc4 Bf6 28. Rac1 Rxd1+ 29. Rxd1 Rd8 30. Nd6 Qg6 31. Nxb7 Rxd1+ 32. Bxd1 Ne5 33. Nc5 h5 34. Bc2 Qh6 35. Ne4 h4 36. Bf4 g5 37. Nxg5 Bxg5 38. Bxe5 Bc6 39. Qc3 Be8 40. Bd4 Bd8 41. Qc8 Qg5 42. Qc5 f5 43. Qe5 h3 44. Qh8+ Kf7 45. Qxh3 1-0

[Event "Joao Pessoa Fischer Memorial 10th"]
[Site "Joao Pessoa"]
[Date "2019.03.30"]
[Round "4"]
[White "Brito, Luismar Jorge"]
[Black "Braga, Jose Pereira"]
[Result "1-0"]
[WhiteElo "2305"]
[BlackElo "1882"]
[PlyCount "47"]
[EventDate "2019.03.29"]
[EventType "swiss"]
[EventRounds "6"]
[EventCountry "BRA"]
[SourceTitle "CBM 190 Extra"]
[Source "ChessBase"]
[SourceDate "2019.07.15"]
[SourceVersion "1"]
[SourceVersionDate "2019.07.15"]
[SourceQuality "1"]

1. Nc3 d5 2. e4 e6 3. Nf3 Bb4 4. e5 Bxc3 5. bxc3 Ne7 6. d4 c5 7. Bd3 c4 8. Bf1 0-0 9. g3 Nbc6 10. h4 Qa5 11. Bd2 f6 12. exf6 Rxf6 13. Bg2 Bd7 14. 0-0 Rc8 15. Qe2 Qc7 16. Rae1 h6 17. Ne5 Nf5 18. Qg4 Nxe5 19. Rxe5 Ne7 20. Qe2 Nf5 21. Bh3 Qc6 22. Bc1 Qd6 23. Re1 a6 24. Kg2 1-0

[Event "Joao Pessoa Fischer Memorial 8th"]
[Site "Joao Pessoa"]
[Date "2017.03.19"]
[Round "5"]
[White "Braga, Jose Pereira"]
[Black "Torres, Douglas da Silva"]
[Result "0-1"]
[WhiteElo "1902"]
[BlackElo "2162"]
[PlyCount "64"]
[EventDate "2017.03.17"]
[EventType "swiss"]
[EventRounds "6"]
[EventCountry "BRA"]
[SourceTitle "CBM 177 Extra"]
[Source "ChessBase"]
[SourceDate "2017.04.27"]
[SourceVersion "1"]
[SourceVersionDate "2017.04.27"]
[SourceQuality "1"]

1. e4 g6 2. d4 d6 3. f4 a6 4. Nf3 Bg7 5. Nc3 b5 6. a3 Bb7 7. Be3 e6 8. Qd2 Nf6 9. Bd3 Nc6 10. 0-0 Ng4 11. f5 Nxe3 12. Qxe3 0-0 13. Ne2 exf5 14. exf5 Qe7 15. Qf4 Rae8 16. Kh1 Ne5 17. Nxe5 dxe5 18. f6 exf4 19. fxe7 Rxe7 20. Rxf4 Rfe8 21. Rf2 c5 22. dxc5 Bxb2 23. Ra2 Bg7 24. c4 Rd8 25. Nf4 Re1+ 26. Rf1 Rxf1+ 27. Bxf1 Rd1 28. Rf2 Bd4 29. Kg1 bxc4 30. Ne2 Bxc5 31. Nc3 Rd2 32. Nd1 Rxd1 0-1

[Event "Joao Pessoa Fischer Memorial 8th"]
[Site "Joao Pessoa"]
[Date "2017.03.17"]
[Round "2"]
[White "Chang, Suzana"]
[Black "Braga, Jose Pereira"]
[Result "1-0"]
[WhiteElo "2119"]
[BlackElo "1902"]
[PlyCount "71"]
[EventDate "2017.03.17"]
[EventType "swiss"]
[EventRounds "6"]
[EventCountry "BRA"]
[SourceTitle "CBM 177 Extra"]
[Source "ChessBase"]
[SourceDate "2017.04.27"]
[SourceVersion "1"]
[SourceVersionDate "2017.04.27"]
[SourceQuality "1"]

1. e4 d6 2. d4 Nf6 3. Nc3 g6 4. Nf3 Bg7 5. h3 c6 6. a4 0-0 7. Be3 Nbd7 8. Be2 Qc7 9. Nd2 e5 10. dxe5 dxe5 11. Nc4 Rd8 12. Qd6 Qxd6 13. Nxd6 Bf8 14. 0-0-0 Nb6 15. Bc5 Rb8 16. a5 Nbd7 17. Be3 Be7 18. Bc4 Bxd6 19. Rxd6 Re8 20. Rhd1 Kg7 21. f3 a6 22. Na4 h6 23. g4 Re7 24. h4 Ne8 25. R6d2 Nc7 26. Nc5 Nf8 27. Rd8 Nb5 28. c3 Nh7 29. g5 hxg5 30. hxg5 Nf8 31. Na4 Nd7 32. Rh1 Nd6 33. Rhh8 Re8 34. Rdxe8 Nxe8 35. Rxe8 b5 36. axb6 1-0

[Event "Joao Pessoa Fischer Memorial 7th"]
[Site "Joao Pessoa"]
[Date "2016.03.13"]
[Round "5"]
[White "Braga, Jose Pereira"]
[Black "De Oliveira, Caio Escariao"]
[Result "1-0"]
[WhiteElo "1890"]
[BlackElo "1808"]
[PlyCount "101"]
[EventDate "2016.03.11"]
[EventType "swiss"]
[EventRounds "6"]
[EventCountry "BRA"]
[SourceTitle "CBM 171 Extra"]
[Source "ChessBase"]
[SourceDate "2016.04.26"]
[SourceVersion "1"]
[SourceVersionDate "2016.04.26"]
[SourceQuality "1"]

1. e4 d6 2. d4 Nf6 3. Nc3 e5 4. dxe5 dxe5 5. Qxd8+ Kxd8 6. Bg5 Bb4 7. 0-0-0+ Ke8 8. Bxf6 gxf6 9. Nd5 Ba5 10. Nxf6+ Ke7 11. Nd5+ Kf8 12. Nf3 Bg4 13. Be2 Nc6 14. Nf6 Bxf3 15. Bxf3 Kg7 16. Ng4 Bb6 17. Rd7 Rad8 18. Rhd1 Rxd7 19. Rxd7 Rd8 20. Rxd8 Nxd8 21. Nxe5 Bxf2 22. Kd2 Bg1 23. h3 Ne6 24. c3 Kf6 25. Nd3 a5 26. e5+ Kg5 27. Bxb7 Nc5 28. Bd5 Nxd3 29. Kxd3 Kf5 30. Bxf7 Kxe5 31. Kc4 Kd6 32. Bd5 Bf2 33. Be4 h6 34. Kb5 Bb6 35. a3 Kd7 36. b4 axb4 37. axb4 Kc8 38. Kc6 Bf2 39. c4 Kb8 40. Bf5 Be1 41. b5 Bg3 42. b6 cxb6 43. Kxb6 Bc7+ 44. Kc6 Bg3 45. c5 Bc7 46. Kd7 Bg3 47. Be4 Bf4 48. c6 Bg3 49. h4 Bf4 50. g4 Bg3 51. g5 1-0

[Event "Joao Pessoa Fischer Memorial 7th"]
[Site "Joao Pessoa"]
[Date "2016.03.12"]
[Round "4"]
[White "Pinto, Carlos Henrique Lop"]
[Black "Braga, Jose Pereira"]
[Result "1-0"]
[WhiteElo "2072"]
[BlackElo "1890"]
[PlyCount "69"]
[EventDate "2016.03.11"]
[EventType "swiss"]
[EventRounds "6"]
[EventCountry "BRA"]
[SourceTitle "CBM 171 Extra"]
[Source "ChessBase"]
[SourceDate "2016.04.26"]
[SourceVersion "1"]
[SourceVersionDate "2016.04.26"]
[SourceQuality "1"]

1. Nf3 Nf6 2. g3 d6 3. Bg2 e5 4. c4 g6 5. Qb3 Bg7 6. d3 Nbd7 7. Nc3 0-0 8. 0-0 Nc5 9. Qc2 c6 10. Rb1 a5 11. Be3 Ne6 12. h3 Qc7 13. a3 d5 14. Bd2 d4 15. Na4 c5 16. b4 axb4 17. axb4 Bd7 18. Nxc5 Nxc5 19. bxc5 Bc6 20. Ra1 Nd7 21. Bb4 h6 22. Rfb1 Rfe8 23. Nd2 f5 24. Bd5+ Kh7 25. Nb3 e4 26. Rxa8 Rxa8 27. dxe4 fxe4 28. Bxe4 Bxe4 29. Qxe4 Ra4 30. Nxd4 Nxc5 31. Bxc5 Qxc5 32. Ne6 Qc6 33. Qxc6 bxc6 34. Rb7 Rxc4 35. Rxg7+ 1-0

[Event "Joao Pessoa Fischer Memorial 7th"]
[Site "Joao Pessoa"]
[Date "2016.03.11"]
[Round "1"]
[White "Braga, Jose Pereira"]
[Black "Oliveira de Lima, Allan Kardec"]
[Result "1/2-1/2"]
[WhiteElo "1890"]
[BlackElo "1800"]
[PlyCount "101"]
[EventDate "2016.03.11"]
[EventType "swiss"]
[EventRounds "6"]
[EventCountry "BRA"]
[SourceTitle "CBM 171 Extra"]
[Source "ChessBase"]
[SourceDate "2016.04.26"]
[SourceVersion "1"]
[SourceVersionDate "2016.04.26"]
[SourceQuality "1"]

1. e4 e6 2. d4 d5 3. e5 c5 4. Be3 Qb6 5. dxc5 Bxc5 6. Bxc5 Qxc5 7. Nc3 Nc6 8. Nf3 Nge7 9. Bd3 a6 10. 0-0 Ng6 11. Bxg6 hxg6 12. Re1 Qb4 13. Rb1 Qf4 14. Ne2 Qh6 15. Ned4 Bd7 16. Nxc6 Bxc6 17. Qd2 Qh5 18. h3 d4 19. Nxd4 Bxg2 20. Re3 Bxh3 21. Ne2 Bg4 22. Ng3 Qh2+ 23. Kf1 Bh3+ 24. Ke2 Qg2 25. Rf1 Bg4+ 26. Ke1 Rd8 27. Rd3 Rxd3 28. Qxd3 Qc6 29. Qd4 Bf3 30. c3 0-0 31. Kd2 Qd5 32. Qxd5 Bxd5 33. a3 Rd8 34. Kc1 Bf3 35. Re1 Rd5 36. Re3 Bh5 37. Kc2 Bd1+ 38. Kc1 Bb3 39. Re1 Rd3 40. Ne2 Rh3 41. Nd4 Bd5 42. Kd2 Rh2 43. Ke3 Rh4 44. Kd3 Rf4 45. c4 Bc6 46. Nxc6 bxc6 47. Re2 Kf8 48. Kc3 Ke7 49. Kb4 Kd7 50. Kc5 Kc7 51. b4 1/2-1/2

[Event "Joao Pessoa Fischer Memorial 7th"]
[Site "Joao Pessoa"]
[Date "2016.03.11"]
[Round "2"]
[White "Santos Medeiros, Victoria Ligia"]
[Black "Braga, Jose Pereira"]
[Result "0-1"]
[WhiteElo "1800"]
[BlackElo "1890"]
[PlyCount "84"]
[EventDate "2016.03.11"]
[EventType "swiss"]
[EventRounds "6"]
[EventCountry "BRA"]
[SourceTitle "CBM 171 Extra"]
[Source "ChessBase"]
[SourceDate "2016.04.26"]
[SourceVersion "1"]
[SourceVersionDate "2016.04.26"]
[SourceQuality "1"]

1. e4 d6 2. d4 Nf6 3. Nc3 g6 4. Nf3 Bg7 5. Bc4 0-0 6. 0-0 Nxe4 7. Nxe4 d5 8. Bd3 dxe4 9. Bxe4 Nd7 10. Re1 Nb6 11. Bf4 c6 12. Be5 Bh6 13. b3 Bg4 14. h3 Bxf3 15. Bxf3 e6 16. c4 Qd7 17. c5 Nd5 18. Bxd5 exd5 19. Qf3 f5 20. Qg3 Rfe8 21. h4 Re6 22. Bf4 Bg7 23. Rxe6 Qxe6 24. Qg5 Bxd4 25. Rc1 Re8 26. Bd2 Qe7 27. Qxe7 Rxe7 28. b4 Re2 29. Be3 Bxe3 30. fxe3 Rxe3 31. Kf2 Re4 32. a3 Rxh4 33. Re1 Kf7 34. Kg3 Re4 35. Rxe4 fxe4 36. Kf2 Ke6 37. a4 a6 38. a5 Ke5 39. Ke3 d4+ 40. Ke2 Kd5 41. g3 Kc4 42. g4 Kxb4 0-1

[Event "American Continental 11th"]
[Site "Montevideo"]
[Date "2015.05.24"]
[Round "11"]
[White "Pereira, Armando Scharlau"]
[Black "Braga, Jose Pereira"]
[Result "0-1"]
[WhiteElo "1717"]
[BlackElo "1911"]
[PlyCount "78"]
[EventDate "2015.05.15"]
[EventType "swiss"]
[EventRounds "11"]
[EventCountry "URU"]
[SourceTitle "CBM 167"]
[Source "ChessBase"]
[SourceDate "2015.07.13"]
[SourceVersion "1"]
[SourceVersionDate "2015.07.13"]
[SourceQuality "1"]

1. b3 e5 2. Bb2 Nc6 3. d3 d5 4. Nf3 Bd6 5. c4 Nf6 6. cxd5 Nxd5 7. g3 0-0 8. Bg2 Bg4 9. Nbd2 Qd7 10. Ng5 Nde7 11. h3 Bf5 12. Nc4 Bb4+ 13. Kf1 f6 14. Ne4 Rad8 15. Kg1 Bg6 16. h4 h5 17. Rc1 Nf5 18. Bh3 Qe7 19. a3 Bd6 20. b4 a6 21. Ncd2 Nfd4 22. Bg2 f5 23. Ng5 Kh8 24. e3 Ne6 25. Nxe6 Qxe6 26. Bxc6 bxc6 27. Rxc6 f4 28. Qb3 Qg4 29. Kg2 fxe3 30. f3 Qd7 31. Rxd6 Qxd6 32. Nc4 Qxd3 33. Qxd3 Rxd3 34. Nxe5 Rd2+ 35. Kh3 Bf5+ 36. g4 Rxb2 37. gxf5 Rxf5 38. f4 e2 39. Kg2 e1Q+ 0-1

[Event "American Continental 11th"]
[Site "Montevideo"]
[Date "2015.05.23"]
[Round "10"]
[White "Braga, Jose Pereira"]
[Black "Gomez Troccoli, Martin"]
[Result "1/2-1/2"]
[WhiteElo "1911"]
[BlackElo "1761"]
[PlyCount "150"]
[EventDate "2015.05.15"]
[EventType "swiss"]
[EventRounds "11"]
[EventCountry "URU"]
[SourceTitle "CBM 167"]
[Source "ChessBase"]
[SourceDate "2015.07.13"]
[SourceVersion "1"]
[SourceVersionDate "2015.07.13"]
[SourceQuality "1"]

1. e4 e6 2. d4 d5 3. Nd2 Nf6 4. e5 Nfd7 5. f4 c5 6. Ndf3 cxd4 7. Nxd4 Bc5 8. Ngf3 Nc6 9. c3 a5 10. Bd3 g6 11. 0-0 Qb6 12. Be2 0-0 13. Kh1 Qc7 14. Be3 b6 15. Qd2 Ba6 16. Rfd1 b5 17. Nxc6 Qxc6 18. Bxc5 Qxc5 19. Bd3 b4 20. cxb4 Qxb4 21. Rac1 Bxd3 22. Qxb4 axb4 23. Rxd3 Rxa2 24. Rb3 Rfa8 25. g3 Ra1 26. Rxa1 Rxa1+ 27. Kg2 Ra4 28. Nd4 Nc5 29. Re3 Ra2 30. Re2 b3 31. Kf3 Kf8 32. Ke3 Ke8 33. Nb5 Kd7 34. Nc3 Kc6 35. Kd4 Kb6 36. Rd2 Kc6 37. Re2 Ra1 38. Ke3 Na4 39. Kd4 Nc5 40. Ke3 Kb6 41. Kd4 Rc1 42. Ke3 Ka5 43. Rd2 Na4 44. Nxa4 Kxa4 45. Kd3 Kb4 46. Ke3 Rc2 47. Kd3 Rc1 48. Re2 h5 49. Rd2 Re1 50. Kd4 Re4+ 51. Kd3 g5 52. fxg5 Rxe5 53. Rf2 Rxg5 54. Rxf7 h4 55. Rb7+ Kc5 56. gxh4 Rh5 57. Rxb3 Rxh4 58. Rb8 Rxh2 59. Rc8+ Kd6 60. b4 Rh3+ 61. Kc2 Rh7 62. Kb3 Rc7 63. Re8 Kd7 64. Rh8 Rc8 65. Rh6 d4 66. b5 d3 67. Rh3 Rc5 68. Rxd3+ Rd5 69. Rxd5+ exd5 70. Kb4 Kd6 71. Ka5 d4 72. b6 d3 73. Ka6 d2 74. b7 d1Q 75. b8Q+ Ke6 1/2-1/2

[Event "American Continental 10th"]
[Site "Praia da Pipa"]
[Date "2014.10.26"]
[Round "11"]
[White "Braga, Jose Pereira"]
[Black "Abdalla, Jose Lucas Aurelli"]
[Result "0-1"]
[WhiteElo "1922"]
[BlackElo "2100"]
[PlyCount "90"]
[EventDate "2014.10.18"]
[EventType "swiss"]
[EventRounds "11"]
[EventCountry "BRA"]
[SourceTitle "EXT 2015"]
[Source "ChessBase"]
[SourceDate "2014.11.20"]
[SourceVersion "1"]
[SourceVersionDate "2014.11.20"]
[SourceQuality "1"]

1. e4 c5 2. Nf3 g6 3. d4 cxd4 4. Nxd4 Bg7 5. Nc3 Nc6 6. Be3 Nf6 7. Be2 0-0 8. Qd2 Ne5 9. 0-0-0 Neg4 10. Bxg4 Nxg4 11. Bg5 f6 12. f3 fxg5 13. fxg4 Qa5 14. Kb1 Rf4 15. h3 d6 16. g3 Rf7 17. Rdf1 Rxf1+ 18. Rxf1 Bd7 19. a3 Qe5 20. Nf3 Qa5 21. Qd5+ Qxd5 22. Nxd5 e6 23. Ne3 h6 24. Rd1 Rf8 25. Nd2 b5 26. Rf1 Be5 27. Rxf8+ Kxf8 28. Nef1 Bc6 29. c3 d5 30. exd5 Bxd5 31. Kc2 Bg2 32. h4 gxh4 33. gxh4 Bf6 34. h5 Bg5 35. hxg6 Kg7 36. Kd3 Bh3 37. Nh2 Bf4 38. Ndf3 Kxg6 39. b3 Bxh2 40. Nxh2 Kg5 41. c4 bxc4+ 42. bxc4 Kf4 43. c5 Kg3 44. c6 Kxh2 45. c7 Bf1+ 0-1

[Event "American Continental 10th"]
[Site "Praia da Pipa"]
[Date "2014.10.24"]
[Round "9"]
[White "Braga, Jose Pereira"]
[Black "Reboucas, Deive Pacheco"]
[Result "1-0"]
[WhiteElo "1922"]
[BlackElo "2008"]
[PlyCount "42"]
[EventDate "2014.10.18"]
[EventType "swiss"]
[EventRounds "11"]
[EventCountry "BRA"]
[SourceTitle "EXT 2015"]
[Source "ChessBase"]
[SourceDate "2014.11.20"]
[SourceVersion "1"]
[SourceVersionDate "2014.11.20"]
[SourceQuality "1"]

1. e4 c5 2. Nf3 d6 3. d4 cxd4 4. Nxd4 Nf6 5. Nc3 g6 6. Be3 Bg7 7. Be2 0-0 8. Qd2 Ng4 9. Bxg4 Bxg4 10. f3 Bd7 11. 0-0-0 Re8 12. h4 Nc6 13. h5 Rc8 14. hxg6 hxg6 15. Nxc6 Rxc6 16. Bd4 e5 17. Be3 Qa5 18. Bh6 Bh8 19. Bf8 Kxf8 20. Rxh8+ Ke7 21. Nd5+ Qxd5 1-0

[Event "American Continental 10th"]
[Site "Praia da Pipa"]
[Date "2014.10.23"]
[Round "8"]
[White "Farias, Sergio Luiz Cardoso"]
[Black "Braga, Jose Pereira"]
[Result "0-1"]
[WhiteElo "1575"]
[BlackElo "1922"]
[PlyCount "82"]
[EventDate "2014.10.18"]
[EventType "swiss"]
[EventRounds "11"]
[EventCountry "BRA"]
[SourceTitle "EXT 2015"]
[Source "ChessBase"]
[SourceDate "2014.11.20"]
[SourceVersion "1"]
[SourceVersionDate "2014.11.20"]
[SourceQuality "1"]

1. d4 d5 2. Nf3 e6 3. c4 c5 4. e3 Nf6 5. Nc3 Nc6 6. Bd3 Bd6 7. 0-0 0-0 8. Re1 cxd4 9. exd4 dxc4 10. Bxc4 a6 11. Bg5 Be7 12. Rc1 h6 13. Bh4 b5 14. Bb3 Bb7 15. a3 Na5 16. Ba2 Rc8 17. Bg3 Nc4 18. Rc2 Nxb2 19. Qe2 Nc4 20. a4 Na3 21. Rcc1 Bxf3 22. gxf3 b4 23. Nb1 Nxb1 24. Rxb1 Nd5 25. Qxa6 Ra8 26. Qc6 Nc3 27. Rb2 Nxa4 28. Rd2 Qc8 29. d5 Qxc6 30. dxc6 Nc3 31. Bc4 Rfc8 32. c7 Kf8 33. Be5 f6 34. Bg3 e5 35. Rd7 Ra7 36. Bxe5 fxe5 37. Rxe5 Rcxc7 38. Rd4 Bf6 39. Rf5 b3 40. Bd3 b2 41. Rdf4 Ne2+ 0-1

[Event "American Continental 10th"]
[Site "Praia da Pipa"]
[Date "2014.10.22"]
[Round "6"]
[White "De Vjunior, Liduino Furtado"]
[Black "Braga, Jose Pereira"]
[Result "1-0"]
[WhiteElo "2106"]
[BlackElo "1922"]
[PlyCount "87"]
[EventDate "2014.10.18"]
[EventType "swiss"]
[EventRounds "11"]
[EventCountry "BRA"]
[SourceTitle "EXT 2015"]
[Source "ChessBase"]
[SourceDate "2014.11.20"]
[SourceVersion "1"]
[SourceVersionDate "2014.11.20"]
[SourceQuality "1"]

1. e4 d6 2. d4 Nf6 3. Nc3 g6 4. f3 Bg7 5. Bc4 c6 6. Be3 b5 7. Bb3 a5 8. a4 b4 9. Nce2 Na6 10. Qd2 0-0 11. Rd1 Qc7 12. h4 h5 13. Nh3 c5 14. Qd3 cxd4 15. Nxd4 Nc5 16. Qc4 Ba6 17. Nb5 Qb6 18. Ng5 Bxb5 19. axb5 e6 20. 0-0 Rfd8 21. Bf2 Nfd7 22. f4 Qc7 23. e5 d5 24. Rxd5 exd5 25. Qxd5 Ne6 26. Nxf7 Ndf8 27. Nxd8 Rxd8 28. b6 Qb8 29. Qxa5 Kh7 30. Qxb4 Qb7 31. Ra1 Qc6 32. Be3 Rb8 33. Rd1 Rd8 34. Rxd8 Nxd8 35. Qc4 Qxc4 36. Bxc4 Nc6 37. Bd5 Nb8 38. e6 Bf6 39. Bc5 Kg7 40. e7 Bxe7 41. Bxe7 Nfd7 42. b7 Nf6 43. Bd6 Nbd7 44. Be5 1-0

[Event "Joao Pessoa-ch"]
[Site "Joao Pessoa"]
[Date "2014.08.01"]
[Round "1"]
[White "Braga, Jose Pereira"]
[Black "Soares, Mateus Lacerda"]
[Result "1/2-1/2"]
[WhiteElo "1938"]
[BlackElo "1800"]
[PlyCount "80"]
[EventDate "2014.08.01"]
[EventType "swiss"]
[EventRounds "6"]
[EventCountry "BRA"]
[SourceTitle "CBM 161 Extra"]
[Source "ChessBase"]
[SourceDate "2014.08.29"]
[SourceVersion "1"]
[SourceVersionDate "2014.08.29"]
[SourceQuality "1"]

1. e4 e5 2. Nf3 Nc6 3. Bb5 Nf6 4. Bxc6 dxc6 5. 0-0 Bd6 6. Nc3 Bg4 7. d3 h6 8. Be3 0-0 9. h3 Be6 10. d4 exd4 11. Bxd4 Bb4 12. e5 Nd7 13. a3 Ba5 14. Re1 Bb6 15. Ne4 c5 16. Bc3 Rb8 17. Qe2 c6 18. Rad1 Qe7 19. Rd2 Bc7 20. b3 Rfe8 21. Red1 Bd5 22. Bb2 Rbd8 23. c4 Bxe4 24. Qxe4 Nxe5 25. Nxe5 Rxd2 26. Rxd2 Bxe5 27. Bxe5 Qxe5 28. Qxe5 Rxe5 29. Rd8+ Kh7 30. Rd7 b5 31. cxb5 cxb5 32. Rxf7 c4 33. bxc4 bxc4 34. Rxa7 Rc5 35. Rd7 c3 36. Rd1 Kg6 37. a4 Kf6 38. Kf1 Ke5 39. Ke2 c2 40. Rc1 Rc4 1/2-1/2

[Event "Joao Pessoa-ch"]
[Site "Joao Pessoa"]
[Date "2014.08.01"]
[Round "2"]
[White "Dantas, Rhuan de Araujo"]
[Black "Braga, Jose Pereira"]
[Result "1-0"]
[WhiteElo "1646"]
[BlackElo "1938"]
[PlyCount "109"]
[EventDate "2014.08.01"]
[EventType "swiss"]
[EventRounds "6"]
[EventCountry "BRA"]
[SourceTitle "CBM 161 Extra"]
[Source "ChessBase"]
[SourceDate "2014.08.29"]
[SourceVersion "1"]
[SourceVersionDate "2014.08.29"]
[SourceQuality "1"]

1. e4 d6 2. d4 g6 3. Nf3 Nf6 4. Nc3 Bg7 5. h3 0-0 6. Be3 c6 7. Qd2 b5 8. a3 Nbd7 9. Bh6 Nb6 10. Bxg7 Kxg7 11. b3 a5 12. Bd3 Bb7 13. 0-0 Qc7 14. Rfe1 e5 15. dxe5 dxe5 16. Qg5 Nfd7 17. Nh4 h6 18. Nf5+ Kg8 19. Nxh6+ Kh7 20. Ng4 Rh8 21. Qh6+ Kg8 22. Qg5 Kg7 23. Ne3 Kf8 24. Ne2 Rh5 25. Qg3 Qd8 26. f4 Qf6 27. Rf1 exf4 28. Nxf4 Rg5 29. Qh4 Re5 30. Qxf6 Nxf6 31. Nxg6+ fxg6 32. Rxf6+ Kg7 33. Raf1 Re7 34. e5 Nd7 35. Rxg6+ Kh8 36. Rh6+ Kg8 37. Ng4 Nxe5 38. Nxe5 Rxe5 39. Rg6+ Kh8 40. Rf4 Rh5 41. Rf7 Rb8 42. Be4 Re8 43. Bxc6 Bxc6 44. Rxc6 Kg8 45. Ra7 Rhe5 46. Rxa5 Re1+ 47. Kh2 R8e5 48. Ra7 Re8 49. Rb7 R1e5 50. Rcb6 Re2 51. Rxb5 Rxc2 52. Ra5 Rb2 53. b4 Rc8 54. b5 Kf8 55. b6 1-0

[Event "Joao Pessoa op 08"]
[Site "Joao Pessoa"]
[Date "2013.08.03"]
[Round "4"]
[White "Penha, Evelyn Maximiano"]
[Black "Braga, Jose Pereira"]
[Result "0-1"]
[WhiteElo "1642"]
[BlackElo "1945"]
[PlyCount "64"]
[EventDate "2013.08.02"]
[EventType "swiss"]
[EventRounds "6"]
[EventCountry "BRA"]
[SourceTitle "CBM 155 Extra"]
[Source "ChessBase"]
[SourceDate "2013.08.26"]
[SourceVersion "1"]
[SourceVersionDate "2013.08.26"]
[SourceQuality "1"]

1. e4 d6 2. Nf3 Nf6 3. Nc3 g6 4. d4 Bg7 5. h3 0-0 6. Be3 c6 7. Qd2 b5 8. Bd3 a5 9. 0-0 Bb7 10. Bh6 b4 11. Ne2 Nbd7 12. Bxg7 Kxg7 13. a3 c5 14. d5 Nb6 15. c4 e6 16. Ng5 h6 17. Nf3 Re8 18. Rfe1 Nbd7 19. Nf4 Nf8 20. Red1 N6h7 21. Bc2 e5 22. Ne2 Bc8 23. Ba4 Bd7 24. Bxd7 Qxd7 25. Nh2 f5 26. exf5 gxf5 27. Ng3 Nf6 28. Nf3 Ng6 29. Qc2 e4 30. Nd2 Ne5 31. axb4 axb4 32. Rxa8 Rxa8 0-1

[Event "Natal Potiguar op"]
[Site "Natal"]
[Date "2013.07.07"]
[Round "5"]
[White "Braga, Jose Pereira"]
[Black "Dias, Kleber Maux"]
[Result "0-1"]
[WhiteElo "1967"]
[BlackElo "1682"]
[PlyCount "48"]
[EventDate "2013.07.05"]
[EventType "swiss"]
[EventRounds "6"]
[EventCountry "BRA"]
[SourceTitle "EXT 2014"]
[Source "ChessBase"]
[SourceDate "2013.11.20"]
[SourceVersion "1"]
[SourceVersionDate "2013.11.20"]
[SourceQuality "1"]

1. e4 c5 2. Nf3 Nc6 3. d4 cxd4 4. Nxd4 Nf6 5. Nc3 e6 6. Bg5 Be7 7. Qd2 0-0 8. 0-0-0 d5 9. Nxc6 bxc6 10. e5 Nd7 11. Bxe7 Qxe7 12. f4 a5 13. g4 Ba6 14. Bxa6 Rxa6 15. Qe2 Rb6 16. Rd4 Rfb8 17. Na4 Rxb2 18. Nxb2 Qa3 19. Qd3 Qxb2+ 20. Kd2 c5 21. Ra4 Nb6 22. Qa3 Nc4+ 23. Rxc4 Qxa3 24. Rc3 Qb4 0-1

[Event "Natal Potiguar op"]
[Site "Natal"]
[Date "2013.07.06"]
[Round "4"]
[White "Dantas, Isaac Pereira"]
[Black "Braga, Jose Pereira"]
[Result "1/2-1/2"]
[WhiteElo "1592"]
[BlackElo "1967"]
[PlyCount "57"]
[EventDate "2013.07.05"]
[EventType "swiss"]
[EventRounds "6"]
[EventCountry "BRA"]
[SourceTitle "EXT 2014"]
[Source "ChessBase"]
[SourceDate "2013.11.20"]
[SourceVersion "1"]
[SourceVersionDate "2013.11.20"]
[SourceQuality "1"]

1. Nf3 Nf6 2. d4 d5 3. c4 e6 4. cxd5 exd5 5. e3 Bd6 6. Be2 0-0 7. Nc3 c6 8. 0-0 Bf5 9. Ne5 Bxe5 10. dxe5 Ne4 11. Nxe4 dxe4 12. b3 Nd7 13. Bb2 Re8 14. Qc2 Nxe5 15. Bxe5 Rxe5 16. Rfd1 Qe7 17. Rd4 Rd8 18. Rxd8+ Qxd8 19. Rd1 Rd5 20. Rxd5 Qxd5 21. Bc4 Qd7 22. h3 h6 23. g4 Bg6 24. Bf1 f6 25. Bc4+ Kh7 26. Bf1 Qd5 27. Bg2 f5 28. gxf5 Qxf5 29. Qc4 1/2-1/2